Loading...
| History - World | 0 | 9 | 2 | 1 | 80 | 57 | 109.67 | 1 | 2 | 10.51 | 28.30 |
| History - Other | 0 | 8 | 3 | 1 | 65 | 44 | 103.13 | 1 | 2 | 11.41 | 32.51 |
| Religion | 0 | 7 | 1 | 2 | 65 | 76 | 115.14 | 2 | 2 | 6.21 | 18.68 |
| Science - Physics | 0 | 6 | 1 | 3 | 55 | 78 | 112.83 | 0 | 1 | 4.71 | 16.51 |
| Current Events | 0 | 5 | 0 | 0 | 50 | 56 | 95.20 | 1 | 1 | 14.75 | 40.01 |
| Mythology | 0 | 5 | 0 | 0 | 50 | 38 | 91.40 | 1 | 1 | 21.20 | 48.37 |
| Science - Other | 0 | 4 | 1 | 0 | 35 | 88 | 108.50 | 0 | 1 | 4.21 | 13.08 |
| Literature - World | 0 | 3 | 0 | 1 | 30 | 101 | 126.33 | 0 | 1 | 2.49 | 9.13 |
| History - American | 0 | 3 | 0 | 1 | 30 | 116 | 123.33 | 0 | 0 | 1.00 | 9.00 |
| History - European | 0 | 4 | 4 | 1 | 20 | 83 | 115.00 | 0 | 1 | 3.80 | 14.50 |
| Social Science | 0 | 2 | 2 | 0 | 10 | 99 | 99.50 | 0 | 1 | 2.93 | 10.00 |
| Geography | 0 | 2 | 2 | 0 | 10 | 93 | 114.00 | 0 | 0 | 5.26 | 19.27 |
| Literature - British | 0 | 1 | 0 | 0 | 10 | 30 | 30.00 | 0 | 1 | 4.63 | 5.35 |
| Other Academic | 0 | 1 | 0 | 0 | 10 | 95 | 95.00 | 0 | 1 | 3.35 | 10.14 |
| Science - Chemistry | 0 | 1 | 0 | 1 | 10 | 125 | 125.00 | 0 | 0 | 0.00 | 1.72 |
| Fine Arts - Painting & Sculpture | 0 | 1 | 1 | 0 | 5 | 135 | 135.00 | 0 | 0 | 0.00 | 0.25 |
| Fine Arts - Other | 0 | 0 | 0 | 0 | 0 | 0.00 | 0 | 0 | 0.00 | 0.00 |